Normal view
MARC view
- Gene therapy
Entry Topical Term
001 - CONTROL NUMBER
- control field: 88676
003 - CONTROL NUMBER IDENTIFIER
- control field: NUST
005 - DATE AND TIME OF LATEST TRANSACTION
- control field: 20220131154752.0
008 - FIXED-LENGTH DATA ELEMENTS
- fixed length control field: 220131|| aca||aabn | a|a d
040 ## - CATALOGING SOURCE
- Original cataloging agency: NUST
- Transcribing agency: NUST
150 ## - HEADING--TOPICAL TERM
- Topical term or geographic name entry element: Gene therapy
670 ## - SOURCE DATA FOUND
- Source citation: Work cat.: (NUST)587633: Understanding gene therapy /, 1999.
